¿De quién es esta canción?- KPOP VERSION - Estadísticas

Estadísticas generales
  • Esta prueba ha sido intentada 565 veces
  • La puntuación promedio es 30 de 50
Estadísticas de respuestas
Hint Respuesta % Correcto
DDU-DU DDU-DU BLACKPINK
98%
Yes or Yes Twice
95%
Psycho Red Velvet
90%
Next Level aespa
89%
Wannabe Itzy
89%
Money Lisa
89%
Anpanman BTS
88%
Cookie New Jeans
84%
Gangnam Style PSY
84%
Oh My God (G)I-DLE
80%
Fever ENHYPEN
75%
Maria Hwasa
74%
Rover Kai
74%
Very Nice Seventeen
73%
Antifragile Le Sserafim
72%
HIP Mamamoo
71%
Cupid Fifty Fifty
68%
Flower Jisoo
68%
Love Me Right EXO
67%
Fantastic Baby BigBang
66%
Gee Girls Generation
66%
View Shinee
66%
Love Scenario IKON
63%
Mago Gfriend
62%
HALA HALA Ateez
61%
ASAP STAYC
61%
I'm the Best 2NE1
60%
Gashina Sunmi
60%
XOXO Somi
59%
Euphoria Jungkook
57%
Lip & Hip Hyuna
54%
Serendipity Jimin
54%
Tell Me Wonder Girls
54%
Mr. Simple Super Junior
51%
Panorama IZ*One
49%
Gotta Go Chungha
46%
Superhuman NCT 127
46%
Shine Pentagon
43%
Move Taemin
43%
Bbibbi IU
41%
The 7th Sense NCT U
40%
Rainism Rain
37%
Crazy Sexy Cool ASTRO
33%
I´m so Hot Momoland
33%
Trouble Maker Trouble Maker
31%
Mirotic TVXQ
31%
Crazy 4Minute
29%
No CLC
25%
Everyday Winner
15%
Naughty Seulgi, Irene
10%
No se encontraron pruebas coincidentes
Distribución de puntuación
Porcentaje de gente con cada puntuación
Porcentaje por número respondido
Historial de tus puntuaciones
No has intentado esta prueba.